• 首页
  • 本馆介绍
  • 公告通知
  • 最新文献
  • 馆藏检索
  • 电子资源
  • 读者导购
  • 参考咨询
  • 我的图书馆
  • 登录
  • 详细信息显示
  • 放入我的书架
  • 预约/预借图书
  • 作者相关作品
  • 分类相关作品
  • 丛书相关作品
  • 出版社相关作品

书目信息

  • 表格格式
  • 工作单格式
  • 卡片格式
题名:
地震预报引论
    
 
作者: 张国民 , 傅征祥 , 桂燮泰 编著
分册:  
出版信息: 北京   科学出版社  2001
页数: 399页
开本: 26cm
丛书名: 中国科学家研究生教学丛书
单 册:
中图分类: P315.75
科图分类:
主题词: 岩石--物理学 , 地震预报--研究
电子资源:
ISBN: 7-03-008700-3
000 00731nam0 2200253 45
001 0211041577
005 20031219104059.8
010    @a7-03-008700-3@dCNY49.00
100    @a20021104d2001 km y0chiy0120 ea
101 0  @achi
105    @aa z 000yy
200 1  @a地震预报引论@ADi Zhen Yu Bao Yin Lun@f张国民等编著@FZhang Guo Min Deng Bian Zhu
210    @a北京@c科学出版社@d2001
215    @a399页@c插图@d26cm
225    @a中国科学家研究生教学丛书
410    @12001 @a中国科学家研究生教学丛书
606 0  @a岩石@x物理学
606 0  @a地震预报@x研究
690    @aP315.75@v4
701  0 @a张国民@4编著
701  0 @a傅征祥@4编著
701  0 @a桂燮泰@4编著
801    @aCN@bTSTC@c20021104
905    @b316769-773@dP315.75@e49@f5
    
    地震预报引论/张国民等编著.-北京:科学出版社,2001
    399页:插图;26cm.-(中国科学家研究生教学丛书)
    
    
    ISBN 7-03-008700-3:CNY49.00
    
●
相关链接 在E读中查询图书 在五车中查询图书 在当当中查询图书 在豆瓣中查询图书


正题名:地震预报引论     索取号:P315.75/49         预约/预借

序号 登录号 条形码 馆藏地/架位号 状态 备注
1 0316769   203167697   第三借阅区/ [索取号:P315.75/49] 在馆    
2 0316770   203167704   第三借阅区/ [索取号:P315.75/49] 在馆    
3 0316771   203167713   第三借阅区/ [索取号:P315.75/49] 在馆    
4 0316772   203167722   第三借阅区/ [索取号:P315.75/49] 在馆    
5 0316773   203167731   第二样本阅览室/ [索取号:P315.75/49] 在馆    
唐山师范学院图书馆 欢迎您!
大连网信软件有限公司© 版权所有